[Event "Florianopolis Winter op 5th"]
[Site "Florianopolis"]
[Date "2019.09.01"]
[Round "6"]
[White "Galiotto, Murilo Pedro Bom"]
[Black "Ferraz, Joao Vitor Koenig"]
[Result "0-1"]
[WhiteElo "1752"]
[BlackElo "1735"]
[PlyCount "82"]
[EventDate "2019.08.30"]
[EventType "swiss"]
[EventRounds "7"]
[EventCountry "BRA"]
[SourceTitle "EXT 2020"]
[Source "ChessBase"]
[SourceDate "2019.10.17"]
[SourceVersion "1"]
[SourceVersionDate "2019.10.17"]
[SourceQuality "1"]

1. d4 Nf6 2. c4 e6 3. Nc3 Bb4 4. Nf3 c5 5. e3 d5 6. Bd2 Nc6 7. a3 Bxc3 8. Bxc3 cxd4 9. exd4 Ne4 10. Qc2 Nxc3 11. Qxc3 dxc4 12. Bxc4 0-0 13. 0-0 Ne7 14. Rad1 Nd5 15. Qb3 b6 16. Ne5 Bb7 17. Nd3 Qh4 18. Nb4 Rfd8 19. Nxd5 Bxd5 20. Bxd5 Rxd5 21. Qf3 Rad8 22. Rfe1 Rxd4 23. Rxd4 Qxd4 24. b4 Qd3 25. Qxd3 Rxd3 26. Rc1 g6 27. h3 Rxa3 28. Rc7 Ra1+ 29. Kh2 a5 30. bxa5 bxa5 31. Ra7 h5 32. Kg3 Kg7 33. Kf4 Kf6 34. g4 hxg4 35. hxg4 g5+ 36. Ke4 a4 37. f4 gxf4 38. Kxf4 a3 39. g5+ Kg6 40. Ke5 a2 41. Kd6 Rd1+ 0-1